Statistics for Geometry Dash Gauntlets (2.11)

Click here to take the quiz!

General Stats

  • This quiz has been taken 151 times
  • The average score is 10 of 15

Answer Stats

NumberGauntlet% Correct
1Fire
98%
2Ice
92%
3Poison
86%
5Lava
75%
4Shadow
75%
6Bonus
68%
8Demon
63%
13Monster
63%
12Spike
57%
7Chaos
54%
10Crystal
52%
15Death
52%
11Magic
49%
14Doom
48%
9Time
48%

Score Distribution

Percentile by Number Answered

Percent of People with Each Score

Your Score History

You have not taken this quiz